LEADER 01176nam a2200289 a 4500 001 000000139505 003 CaOOAMICUS 005 20140826152507.0 008 140826s2014 it u000 u ita r 040 $aPUL$bita 245 00$aEtica pubblica e democrazia /$ca cura di Carla Danani. 260 $aPisa ; Roma :$bFabrizio Serra editore,$c2014. 300 $a184 p. ;$c25 cm. 490 1 $aArchivio di filosofia ;$vanno 81 (2013), n. 3 504 $aInclude riferimenti bibliografici ed indice. 650 04$aEtica e società.$0(OLS)http://pul/subject/18782 700 1 $aDanani, Carla,$d1963-$0(OLS)http://pul/name/30082 830 0$aArchivio di filosofia (Fabrizio Serra) ;$v81, n. 3 (2013).$0(OLS)http://pul/title/134600 850 $aPUL 852 $aPUL$W1$xSL Filosofia 1$y2$m97 L 81.3$j161143$qStampati$B160587$CPULBib$Z2$F160587 $82 941 1 $a8 983 0$aArchivio di filosofia. 983 0$aArchivio di filosofia (Bocca) 983 0$aArchivio di filosofia (CEDAM) 996 $6245$aEtica pubblica e democrazia$9(OLS)http://pul/title/176608 996 $6260$aPisa ; Roma :$bFabrizio Serra editore$9(OLS)http://pul/publisher/79401 LEADER 01460nam a2200337 a 4500 001 000000158681 003 CaOOAMICUS 005 20170207120844.0 008 170207s2016 it u000 u ita r 020 $a978-88-6898-081-8* 032 $aLibriCat 040 $aPUL$bita 082 04$a220.6 100 1 $aMarguerat, Daniel.$0(OLS)http://pul/name/53016 245 10$aPaolo negli Atti e Paolo nelle lettere /$cDaniel Marguerat ; edizione italiana a cura di Angelo Reginato. 260 $aTorino :$bClaudiana,$c2016. 300 $a333 p. ;$c24 cm. 490 1 $aStrumenti. Biblica ;$v71 504 $aBibliografia p. 281-306. 630 04$aBiblia.$pN.T.$pActus apostolorum.$xCritica e interpretazione.$0(OLS)http://pul/subject/1725 630 04$aBiblia.$pN.T.$pPauli epistolae.$0(OLS)http://pul/subject/37973 700 1 $aReginato, Angelo,$d1963-$0(OLS)http://pul/name/72251 830 0$aStrumenti (Claudiana).$pBiblica ;$v71.$0(OLS)http://pul/title/104085 850 $aPUL 852 $aPUL$W1$xSL Religione 3$y85$m220. 6 COLL 1.71$j181981$qDDC 21$B185161$CPULBib$Z2$F185161 $H128933 $81 941 1 $a9 996 $6020$a978-88-6898-081-8*$9(OLS)http://pul/number/162040 996 $6082$a220.6$9(OLS)http://pul/classification/388 996 $6245$aPaolo negli Atti e Paolo nelle lettere$9(OLS)http://pul/title/198296 996 $6260$aTorino :$bClaudiana$9(OLS)http://pul/publisher/48072